000 00399nam a2200145 i 4500
001 bg
100 1 _aBARTKOWICZ, Zdzisław
245 0 _aNieletni z obniżoną sprawnością umysłową w zakładzie poprawczym /
_cZdzisław Bartkowicz.
260 _aLublin,
_c1984.
040 _cBPK
041 _apol
080 _a343.815:159.923:376
942 _cKS
008 s pl f |000 0 pol
999 _c28161
_d28161
856 _uhttp://koha.tu.koszalin.pl/cgi-bin/koha/opac-detail.pl?biblionumber=28161
_yKatalog online BPK